Desarrollo, transformación y equidad: la superación de la pobreza /

Se ahonda en los principales requisitos para que una determinada sociedad alcance sus objetivos de crecimiento económico, equidad y democracia. Se indica que es necesario un esfuerzo que permita superar los factores coyunturales y estructurales que determinan la pobreza, se supone el desarrollo de p...

ver descrição completa

Na minha lista:
Detalhes bibliográficos
Autores corporativos: CEPAL, PNUD, PREALC, UNICEF, Conferencia Extraordinaria de la CEPAL
Formato: Anais de Congresso
Idioma:Spanish
Publicado em: s.l.: CEPAL, 1987
Assuntos:
Tags: Adicionar Tag
Sem tags, seja o primeiro a adicionar uma tag!

MARC

LEADER 00000 a a2200000 04500
001 2740
003 cru CIDCACS/IIS
005 20240206114242.0
008 240206b |||||||| |||| 00| 0 spa d
040 |c cru CIDCACS/IIS 
090 |a 11028.00 
110 |a CEPAL  
245 1 |a Desarrollo, transformación y equidad: la superación de la pobreza /  |c CEPAL  
260 |a s.l.:   |b CEPAL,  |c 1987 
300 |a 62 p  
520 |a Se ahonda en los principales requisitos para que una determinada sociedad alcance sus objetivos de crecimiento económico, equidad y democracia. Se indica que es necesario un esfuerzo que permita superar los factores coyunturales y estructurales que determinan la pobreza, se supone el desarrollo de principios de solidaridad nacional, basados en la aceptación de que el "otro" tiene derecho de lograr el desarrollo como ser humano, lo cual supone superar las barreras de sexo, raza, cultura y clase social. A su vez las políticas de superación de la pobreza, lejos de establecer una relación de dependencia entre individuos necesitados y Estado benefactor, debe de constituir un conjunto de acciones destinadas a sentar las bases de una capacidad para la participación socioeconómica autónoma. Luego que el reconocimiento de las políticas de desarrollo con equidad constituyen orientaciones dominantes en un proceso de apertura democrática cada vez más profundo, lo cual significa incorporar las tensiones y conflictos entre los grupos sociales y entre algunos de estos y el Estado. Dichos conflictos sólo pueden resolverse mediante la interacción entre el ámbito político y un Estado presidido por orientaciones de desarrollo. El proceso de desarrollo, equidad y democracia es necesariamente un proceso de articulación constante entre acciones inmediatas y satisfacciones diferidas al futuro de acumulación y distribución y finalmente de orientación y participación, por tanto es necesario una base política de sustentación, así como un gobierno que haga posible el logro de las transformaciones. OB/ALJ  
650 |a ESTRATEGIA DEL DESARROLLO  
650 |a PAISES EN DESARROLLO  
650 |a PAISES DESARROLLADOS  
650 |a POLITICA DE SALUD  
650 |a PLANIFICACION DE LA SALUD  
650 |a SEGURIDAD SOCIAL  
650 |a NUTRICION  
650 |a CREDITO  
650 |a CAMBIO TECNOLOGICO  
650 |a MEDIO AMBIENTE  
650 |a AJUSTE ESTRUCTURAL  
650 |a DEFICIT  
650 |a INVERSIONES  
650 |a POLITICA ECONOMICA  
710 |a PNUD  
710 |a PREALC  
710 |a UNICEF  
711 |a Conferencia Extraordinaria de la CEPAL  |c (México, D.F.:  |d 1987 enero 19-23)  |9 11870 
942 |2 ddc  |c LI 
999 |c 7751  |d 7751